| 000 | 00853pam a2200253 a 4500 | ||
|---|---|---|---|
| 001 | 3571 | ||
| 005 | 20250605104725.0 | ||
| 020 | _a059014059 | ||
| 040 |
_aDLC _cDLC _dDLC _beng |
||
| 050 | 0 | 0 |
_aQB582.G53 _b1997 |
| 082 | 0 | 0 | _a523.3 |
| 100 | 1 | _aGibbons, Gail | |
| 245 | 1 | 4 |
_aThe moon book / _cby Gail Gibbons |
| 250 | _aFirst Scholastic printing , January 1998 | ||
| 260 |
_aNew York : _bHoliday House, _c1997 |
||
| 300 |
_a32 unnumbered pages : _bcolor illustrations ; _c26 cm. |
||
| 505 | _aR | ||
| 520 | _aIdentifies the moon as our only natural satellite, describes its movement and phases, and discusses how we have observed and explored it over the years. | ||
| 521 |
_a740
_bLexile |
||
| 521 |
_aR
_bRaz-Plus |
||
| 650 |
_asolar system _vNon-fiction |
||
| 906 |
_a7 _bcbu _corignew _d1 _eocip _f19 _gy-gencatlg |
||
| 942 |
_2ddc _cBK _n0 |
||
| 999 |
_c3571 _d3571 |
||